|
|
|
|
| LEADER |
01848nam a2200421 i 4500 |
| 001 |
EBC6896550 |
| 003 |
MiAaPQ |
| 005 |
20221006222746.0 |
| 006 |
m o d | |
| 007 |
cr cnu|||||||| |
| 008 |
221006s2022 enka o 001 0 eng d |
| 020 |
|
|
|z 9781032000749
|q (print)
|
| 020 |
|
|
|a 9781000557091
|q (electronic bk.)
|
| 035 |
|
|
|a (MiAaPQ)EBC6896550
|
| 035 |
|
|
|a (Au-PeEL)EBL6896550
|
| 035 |
|
|
|a (OCoLC)1302012551
|
| 040 |
|
|
|a MiAaPQ
|b eng
|e rda
|e pn
|c MiAaPQ
|d MiAaPQ
|
| 050 |
|
4 |
|a HM481
|b .G374 2022
|
| 082 |
0 |
|
|a 305.8001
|2 23
|
| 100 |
1 |
|
|a Garfinkel, Harold,
|e author.
|
| 245 |
1 |
0 |
|a Harold Garfinkel :
|b studies of work in the sciences /
|c Harold Garfnkel ; edited with an introduction by Michael Lynch.
|
| 264 |
|
1 |
|a Abingdon, Oxon ;
|a New York, NY :
|b Routledge,
|c [2022]
|
| 264 |
|
4 |
|c Ã2022
|
| 300 |
|
|
|a 1 online resource (219 pages) :
|b illustrations.
|
| 336 |
|
|
|a text
|b txt
|2 rdacontent
|
| 337 |
|
|
|a computer
|b c
|2 rdamedia
|
| 338 |
|
|
|a online resource
|b cr
|2 rdacarrier
|
| 490 |
1 |
|
|a Directions in ethnomethodology and conversation analysis
|
| 500 |
|
|
|a Includes index.
|
| 588 |
|
|
|a Description based on print version record.
|
| 590 |
|
|
|a Electronic reproduction. Ann Arbor, MI : ProQuest, 2018. Available via World Wide Web. Access may be limited to ProQuest affiliated libraries.
|
| 650 |
|
0 |
|a Ethnomethodology.
|
| 650 |
|
0 |
|a Sociology.
|
| 655 |
|
4 |
|a Electronic books.
|
| 776 |
0 |
8 |
|i Print version:
|a Garfinkel, Harold.
|t Harold Garfinkel : studies of work in the sciences.
|d Abingdon, Oxon ; New York, NY : Routledge, c2022
|h 219 pages
|k Directions in ethnomethodology and conversation analysis.
|z 9781032000749
|
| 797 |
2 |
|
|a ProQuest (Firm)
|
| 830 |
|
0 |
|a Directions in ethnomethodology and conversation analysis.
|
| 856 |
4 |
0 |
|u https://ebookcentral.proquest.com/lib/matrademy/detail.action?docID=6896550
|z Click to View
|